Statistical techniques in business & economics / (Record no. 1313)

MARC details
000 -LEADER
fixed length control field 01488nam a2200385 i 4500
003 - CONTROL NUMBER IDENTIFIER
control field EG-ScBUE
005 - DATE AND TIME OF LATEST TRANSACTION
control field 20241128154607.0
008 - FIXED-LENGTH DATA ELEMENTS--GENERAL INFORMATION
fixed length control field 181014t2005 nyua f b 001 0 eng d
020 ## - INTERNATIONAL STANDARD BOOK NUMBER
International Standard Book Number 9780071113151
020 ## - INTERNATIONAL STANDARD BOOK NUMBER
International Standard Book Number 0071113150
040 ## - CATALOGING SOURCE
Original cataloging agency EG-ScBUE
Language of cataloging eng
Description conventions rda
Modifying agency EG-ScBUE
Transcribing agency EG-ScBUE
082 04 - DEWEY DECIMAL CLASSIFICATION NUMBER
Classification number 519.5
Item number LIN
Edition number 22
100 1# - MAIN ENTRY--PERSONAL NAME
Personal name Lind, Douglas A.,
Relator term author.
245 10 - TITLE STATEMENT
Title Statistical techniques in business & economics /
Statement of responsibility, etc Douglas A. Lind, Coastal Carolina University and the University of Toledo, William G. Marchal, the University of Toledo, Samuel A. Wathen, Coastal Carolina University.
246 3# - VARYING FORM OF TITLE
Title proper/short title Statistical techniques in business and economics.
250 ## - EDITION STATEMENT
Edition statement Twelfth edition.
250 ## - EDITION STATEMENT
Edition statement International edition.
264 #1 - PUBLICATION, DISTRIBUTION, ETC. (IMPRINT)
Place of publication, distribution, etc New York :
Name of publisher, distributor, etc McGraw-Hill,
Date of publication, distribution, etc [2005]
264 #4 - PUBLICATION, DISTRIBUTION, ETC. (IMPRINT)
Date of publication, distribution, etc c2005
300 ## - PHYSICAL DESCRIPTION
Extent xv, 800 pages :
Other physical details color illustrations ;
Dimensions 26 cm.
336 ## - CONTENT TYPE
Source rdacontent
Content type term text
Content type code txt
337 ## - MEDIA TYPE
Media type term unmediated
Source rdamedia
Media type code n
338 ## - CARRIER TYPE
Carrier type term volume
Carrier type code nc
Source rdacarrier
490 0# - SERIES STATEMENT
Series statement Irwin / McGraw-Hill series in operations and decision sciences
504 ## - BIBLIOGRAPHY, ETC. NOTE
Bibliography, etc Includes bibliographical references and index.
650 #7 - SUBJECT ADDED ENTRY--TOPICAL TERM
Topical term or geographic name as entry element Social sciences
General subdivision Statistical methods.
Source of heading or term BUEsh
9 (RLIN) 3257
650 #7 - SUBJECT ADDED ENTRY--TOPICAL TERM
Topical term or geographic name as entry element Economics
General subdivision Statistical methods.
Source of heading or term BUEsh
9 (RLIN) 3258
650 #7 - SUBJECT ADDED ENTRY--TOPICAL TERM
Topical term or geographic name as entry element Commercial statistics.
Source of heading or term BUEsh
9 (RLIN) 802
651 ## - SUBJECT ADDED ENTRY--GEOGRAPHIC NAME
Source of heading or term BUEsh
653 ## - INDEX TERM--UNCONTROLLED
Resource For college BAEPS, Business Administration
Arrived date list October2018
655 ## - INDEX TERM--GENRE/FORM
Form subdivision Reading book
700 1# - ADDED ENTRY--PERSONAL NAME
Personal name Marchal, William G.,
Relator term author.
700 1# - ADDED ENTRY--PERSONAL NAME
Personal name Wathen, Samuel A.,
Relator term author.
942 ## - ADDED ENTRY ELEMENTS (KOHA)
Source of classification or shelving scheme Dewey Decimal Classification
Koha item type Book - Borrowing
Holdings
Withdrawn status Lost status Source of classification or shelving scheme Damaged status Not for loan Collection code Home library Current library Shelving location Date acquired Source of acquisition Cost, normal purchase price Total Checkouts Total Renewals Full call number Barcode Date last seen Date checked out Cost, replacement price Price effective from Koha item type
    Dewey Decimal Classification     Donation-Gift Central Library Central Library First floor 03/09/2006 Donation 150.00 5 1 519.5 LIN 000003156 15/07/2025 04/10/2015 187.50 03/09/2006 Book - Borrowing
    Dewey Decimal Classification     Donation-Gift Central Library Central Library First floor 14/04/2018 Donation       519.5 LIN 000046917 15/07/2025       Book - Borrowing